Теоретические основы процессов тепломассопереноса. Часть 1. Техническая термодинамика: электронный курс

Detalhes bibliográficos
Autor principal: Половников В. Ю. Вячеслав Юрьевич
Autor Corporativo: Национальный исследовательский Томский политехнический университет Энергетический институт Кафедра теоретической и промышленной теплотехники
Resumo:Заглавие с экрана
В курсе «Теоретические основы процессов тепломассопереноса. Часть 1. Техническая термодинамика» рассматриваются основные закономерности взаимного превращения тепловой и механической энергии и свойства тел, участвующих в этих превращениях, а также важнейшие положения, законы и методы термодинамического анализа процессов и циклов тепловых двигателей и аппаратов.
Доступ по логину и паролю
Idioma:russo
Publicado em: Томск, TPU Moodle, 2016
Assuntos:
Acesso em linha:https://design.lms.tpu.ru/course/view.php?id=1148
Formato: Recurso Electrónico Livro
KOHA link:https://koha.lib.tpu.ru/cgi-bin/koha/opac-detail.pl?biblionumber=665654

MARC

LEADER 00000nlm0a2200000 4500
001 665654
005 20240208120707.0
035 |a (RuTPU)RU\TPU\network\36857 
035 |a RU\TPU\network\36855 
090 |a 665654 
100 |a 20211028d2016 m y0rusy50 ca 
101 0 |a rus 
102 |a RU 
105 |a a j 000zy 
135 |a jrcn ---uucaa 
181 0 |a i  
182 0 |a b 
200 1 |a Теоретические основы процессов тепломассопереноса. Часть 1. Техническая термодинамика  |e электронный курс  |f В. Ю. Половников  |g Национальный исследовательский Томский политехнический университет, Энергетический институт, Кафедра теоретической и промышленной теплотехники 
203 |a Текст  |c электронный 
210 |a Томск  |c TPU Moodle  |d 2016 
300 |a Заглавие с экрана 
330 |a В курсе «Теоретические основы процессов тепломассопереноса. Часть 1. Техническая термодинамика» рассматриваются основные закономерности взаимного превращения тепловой и механической энергии и свойства тел, участвующих в этих превращениях, а также важнейшие положения, законы и методы термодинамического анализа процессов и циклов тепловых двигателей и аппаратов. 
333 |a Доступ по логину и паролю 
606 1 |a Тепломассоперенос  |2 stltpush  |3 (RuTPU)RU\TPU\subj\31260  |9 54161 
606 1 |a Термодинамика техническая  |x (теплотехника)  |2 stltpush  |3 (RuTPU)RU\TPU\subj\68640  |9 83835 
610 1 |a электронный ресурс 
610 1 |a труды учёных ТПУ 
610 1 |a электронное обучение 
610 1 |a электронные курсы ТПУ 
610 1 |a электронные учебные пособия 
610 1 |a учебные пособия 
610 1 |a термодинамические процессы 
610 1 |a параметры 
610 1 |a газы 
610 1 |a газотурбинные установки 
610 1 |a паротурбинные установки 
610 1 |a теплотрансформаторы 
675 |a 66.021.3/.4(075.8)  |v 4 
675 |a 621.1.016.7(075.8)  |v 4 
700 1 |a Половников  |b В. Ю.  |c специалист в области теплотехники  |c доцент Томского политехнического университета, доктор технических наук  |f 1980-  |g Вячеслав Юрьевич  |3 (RuTPU)RU\TPU\pers\25532  |9 11462 
712 0 2 |a Национальный исследовательский Томский политехнический университет  |b Энергетический институт  |b Кафедра теоретической и промышленной теплотехники  |3 (RuTPU)RU\TPU\col\18679 
801 2 |a RU  |b 63413507  |c 20220415  |g RCR 
856 4 |u https://design.lms.tpu.ru/course/view.php?id=1148 
942 |c CF